TB. OF CHILD HEALTH NURSING IN HINDI (Record no. 2431)
[ view plain ]
| 000 -LEADER | |
|---|---|
| fixed length control field | 00354nam a2200145Ia 4500 |
| 008 - FIXED-LENGTH DATA ELEMENTS--GENERAL INFORMATION | |
| fixed length control field | 150201s2013 xx 000 0 und d |
| 082 ## - DEWEY DECIMAL CLASSIFICATION NUMBER | |
| Classification number | 610.7362 |
| Item number | C13C |
| 100 ## - MAIN ENTRY--PERSONAL NAME | |
| Personal name | CHOUHAN, ARCHANA |
| 245 ## - TITLE STATEMENT | |
| Title | TB. OF CHILD HEALTH NURSING IN HINDI |
| 250 ## - EDITION STATEMENT | |
| Edition statement | 1ST |
| 260 ## - PUBLICATION, DISTRIBUTION, ETC. (IMPRINT) | |
| Name of publisher, distributor, etc. | JAYPEE |
| Place of publication, distribution, etc. | DELHI |
| Date of publication, distribution, etc. | 2013 |
| 300 ## - PHYSICAL DESCRIPTION | |
| Extent | 309 |
| 650 ## - SUBJECT ADDED ENTRY--TOPICAL TERM | |
| Topical term or geographic name as entry element | PEDIATRICS |
| 942 ## - ADDED ENTRY ELEMENTS (KOHA) | |
| Source of classification or shelving scheme | Dewey Decimal Classification |
| Koha item type | Books |
| Koha issues (borrowed), all copies | 39 |
| Withdrawn status | Lost status | Source of classification or shelving scheme | Damaged status | Not for loan | Collection code | Home library | Current library | Shelving location | Date acquired | Source of acquisition | Cost, normal purchase price | SGTU | Bill Number | Total Checkouts | Full call number | Barcode | Date last seen | Date last checked out | Bill Date | Koha item type |
|---|---|---|---|---|---|---|---|---|---|---|---|---|---|---|---|---|---|---|---|---|
| Dewey Decimal Classification | NURSING | SGT Medical Library | SGT Medical Library | Text Book | 06/09/2014 | ABC DELHI | 250.00 | SGTU | 4671 | 10 | 610.7362 C13C | FN2246 | 21/01/2025 | 10/01/2025 | 06/09/2014 | Books | ||||
| Dewey Decimal Classification | NURSING | SGT Medical Library | SGT Medical Library | Text Book | 06/09/2014 | ABC DELHI | 250.00 | SGTU | 4671 | 11 | 610.7362 C13C | FN2247 | 22/07/2023 | 18/07/2023 | 06/09/2014 | Books | ||||
| Dewey Decimal Classification | NURSING | SGT Medical Library | SGT Medical Library | Text Book | 06/09/2014 | ABC DELHI | 250.00 | SGTU | 4671 | 5 | 610.7362 C13C | FN2248 | 15/01/2024 | 02/01/2024 | 06/09/2014 | Books | ||||
| Dewey Decimal Classification | NURSING | SGT Medical Library | SGT Medical Library | Text Book | 06/09/2014 | ABC DELHI | 250.00 | SGTU | 4671 | 10 | 610.7362 C13C | FN2249 | 17/03/2025 | 06/02/2025 | 06/09/2014 | Books | ||||
| Dewey Decimal Classification | NURSING | SGT Medical Library | SGT Medical Library | Text Book | 06/09/2014 | ABC DELHI | 250.00 | SGTU | 4671 | 4 | 610.7362 C13C | FN2250 | 03/02/2025 | 25/01/2025 | 06/09/2014 | Books |